| 000 | 00521nam a2200157 i 4500 | ||
|---|---|---|---|
| 001 | 70751 | ||
| 003 | ES-MaACL | ||
| 005 | 20230906170918.0 | ||
| 007 | t| | ||
| 008 | 040802s1910 xxu ||||1| eng d | ||
| 100 | 1 |
_aGarner, James Wilford. _955594 |
|
| 245 | 1 | 0 |
_aIntroduction to Political Science _b: a treatise on the origin, nature, functions, and organizations of the state / _cof James Wilford Garner. |
| 260 |
_aNew York : _bAmerican Book comp., _c1910. |
||
| 300 |
_a616 p. ; _c22 cm. |
||
| 852 |
_aES-MaACL _jA-1383 |
||
| 999 |
_c70751 _d70751 |
||